[Event "BL 2324 USV TU Dresden - SV Mülheim Nor"]
[Site "?"]
[Date "2024.01.14"]
[Round "6.3"]
[White "Fridman, Daniel"]
[Black "Pechac, Jergus"]
[Result "1/2-1/2"]
[WhiteElo "2588"]
[BlackElo "2575"]
[PlyCount "120"]
[EventDate "2024.??.??"]

1. Nf3 d5 2. g3 g6 3. Bg2 Bg7 4. d4 Nf6 5. c4 c6 6. cxd5 cxd5 7. Nc3 O-O 8. Ne5 Bf5 9. O-O Ne4 10. Qb3 Nc6 11. Nxc6 bxc6 12. Nxe4 dxe4 13. Be3 Rb8 14. Qc2 Qd5 15. Rfd1 Rfd8 16. b3 Rd7 17. Rac1 Rbd8 18. h3 h5 19. Qxc6 Qxc6 20. Rxc6 Bxd4 21. Rxd4 Rxd4 22. Bxd4 Rxd4 23. Ra6 Rd1+ 24. Kh2 Rd2 25. Bf1 Rd1 26. Bg2 Rd2 27. Bf1 Rd1 28. Kg2 Bxh3+ 29. Kxh3 Rxf1 30. Kg2 Rb1 31. Rxa7 Rb2 32. Rxe7 Rxe2 33. a4 Rb2 34. Rxe4 Rxb3 35. Re3 Rb6 36. a5 Ra6 37. Ra3 Kf8 38. Kf3 Ke7 39. Kf4 f6 40. Ke4 Kd6 41. Kd4 Kc7 42. Ra2 Rd6+ 43. Kc5 Re6 44. a6 Re5+ 45. Kd4 Kb8 46. a7+ Ka8 47. Ra6 Rf5 48. Ke3 g5 49. f3 h4 50. gxh4 gxh4 51. Kf2 h3 52. Kg3 h2 53. Ra1 Rh5 54. Rh1 Kxa7 55. Rxh2 Rxh2 56. Kxh2 Kb6 57. Kg3 Kc5 58. Kg4 Kd4 59. Kf5 Ke3 60. Kxf6 Kxf3 1/2-1/2

[Event "BL 2324 USV TU Dresden - SV Mülheim Nor"]
[Site "?"]
[Date "2024.01.14"]
[Round "6.4"]
[White "Michalik, Peter"]
[Black "Beerdsen, Thomas"]
[Result "1-0"]
[WhiteElo "2567"]
[BlackElo "2502"]
[PlyCount "77"]
[EventDate "2024.??.??"]

1. d4 d5 2. c4 c6 3. Nf3 Nf6 4. e3 Bf5 5. Nc3 e6 6. Be2 h6 7. Bd3 Bxd3 8. Qxd3 Nbd7 9. O-O Bd6 10. e4 dxe4 11. Nxe4 Nxe4 12. Qxe4 O-O 13. Bd2 Qe7 14. Bc3 Bb4 15. a4 a5 16. Rfd1 Rfe8 17. h3 Rad8 18. Qe1 e5 19. Bxb4 Qxb4 20. Qxb4 axb4 21. Nxe5 Nxe5 22. dxe5 Rxd1+ 23. Rxd1 Rxe5 24. Rd8+ Kh7 25. Kf1 Re7 26. Rd4 c5 27. Rd6 g6 28. Rd5 Rc7 29. Ke2 Kg7 30. a5 Kf6 31. Kd3 Ke7 32. Kc2 Rc6 33. Kb3 Re6 34. Rxc5 Kd6 35. Rd5+ Kc6 36. Rd2 Kc5 37. Rd7 b5 38. Rd5+ Kc6 39. Rxb5 1-0

[Event "BL 2324 USV TU Dresden - SV Mülheim Nor"]
[Site "?"]
[Date "2024.01.14"]
[Round "6.5"]
[White "Zelbel, Patrick"]
[Black "Vogel, Roven"]
[Result "0-1"]
[WhiteElo "2477"]
[BlackElo "2514"]
[PlyCount "74"]
[EventDate "2024.??.??"]

1. e4 e5 2. Nf3 Nc6 3. Nc3 Nf6 4. d4 exd4 5. Nxd4 Bb4 6. Nxc6 bxc6 7. Bd3 d5 8. exd5 O-O 9. O-O cxd5 10. h3 Be6 11. Qf3 Bd6 12. Nb5 Bc5 13. Bf4 Bb6 14. c3 c5 15. Rad1 a6 16. Nd6 Bc7 17. Nf5 Bxf4 18. Qxf4 Qb8 19. Qd2 g6 20. b4 Nh5 21. Ne7+ Kg7 22. c4 dxc4 23. Be4 cxb4 24. Bxa8 Qxa8 25. Qxb4 Nf4 26. f3 Qa7+ 27. Kh2 Nd3 28. Qd6 Qe3 29. Nc6 f6 30. Qd4 Qe2 31. Nd8 Bxh3 32. Kxh3 Rxd8 33. Qxc4 Rd5 34. Kh2 Rh5+ 35. Kg3 Rg5+ 36. Kh4 Qxg2 37. Qc7+ Kh6 0-1

[Event "BL 2324 USV TU Dresden - SV Mülheim Nor"]
[Site "?"]
[Date "2024.01.14"]
[Round "6.6"]
[White "Hoffmann, Paul"]
[Black "Hausrath, Daniel"]
[Result "0-1"]
[WhiteElo "2386"]
[BlackElo "2453"]
[PlyCount "33"]
[EventDate "2024.??.??"]

1. e4 c5 2. Nf3 Nc6 3. Nc3 g6 4. g3 Bg7 5. Bg2 d6 6. d3 e6 7. O-O Nge7 8. Bf4 h6 9. Nd2 O-O 10. g4 g5 11. Bg3 Ng6 12. Nc4 Nf4 13. Qd2 d5 14. Bxf4 gxf4 15. exd5 exd5 16. Nxd5 Be6 17. Nxf4 0-1

[Event "BL 2324 USV TU Dresden - SV Mülheim Nor"]
[Site "?"]
[Date "2024.01.14"]
[Round "6.7"]
[White "Buckels, Valentin"]
[Black "Moehn, Hans"]
[Result "1/2-1/2"]
[WhiteElo "2438"]
[BlackElo "2398"]
[PlyCount "50"]
[EventDate "2024.??.??"]

1. d4 Nf6 2. Nf3 g6 3. g3 Bg7 4. Bg2 O-O 5. c4 d6 6. Nc3 Nc6 7. d5 Na5 8. b3 c5 9. Bb2 a6 10. O-O Rb8 11. a4 Bd7 12. Ra3 Qb6 13. Ba1 Bf5 14. Nd2 Rfe8 15. e4 Bd7 16. Ne2 e6 17. Nf4 exd5 18. cxd5 Qd8 19. Bc3 Ng4 20. Qa1 Bxc3 21. Qxc3 b6 22. h3 Ne5 23. Raa1 Nb7 24. Ne2 f6 25. Kh2 Rc8 1/2-1/2

[Event "BL 2324 USV TU Dresden - SV Mülheim Nor"]
[Site "?"]
[Date "2024.01.14"]
[Round "6.8"]
[White "Lutz, Ruben"]
[Black "Dinstuhl, Volkmar"]
[Result "1/2-1/2"]
[WhiteElo "2250"]
[BlackElo "2390"]
[PlyCount "84"]
[EventDate "2024.??.??"]

1. d4 d5 2. c4 e6 3. Nf3 Nf6 4. g3 h6 5. Bg2 Bd6 6. O-O O-O 7. Nc3 Nc6 8. cxd5 exd5 9. Nb5 b6 10. Nxd6 cxd6 11. Nd2 Re8 12. Nb1 Ne7 13. Nc3 Be6 14. f3 Qd7 15. Re1 b5 16. a3 a5 17. e3 b4 18. Ne2 Bf5 19. axb4 axb4 20. Bd2 Qb5 21. Rxa8 Rxa8 22. Qb3 Nc6 23. Nf4 Qc4 24. Qxc4 dxc4 25. d5 c3 26. bxc3 b3 27. e4 Ne5 28. Rb1 Bc8 29. Rxb3 Ra1+ 30. Kf2 Ra2 31. Rb8 Rxd2+ 32. Ke1 Ra2 33. Rxc8+ Kh7 34. Kd1 g5 35. Ne2 g4 36. f4 Nf3 37. e5 Nxd5 38. exd6 Ne3+ 39. Kc1 Rc2+ 40. Kb1 Nd2+ 41. Ka1 Nb3+ 42. Kb1 Nd2+ 1/2-1/2

[Event "BL 2324 HSK Lister Turm - SG Solingen"]
[Site "?"]
[Date "2024.01.14"]
[Round "6.1"]
[White "Harikrishna, Pentala"]
[Black "Pfreundt, Jakob"]
[Result "1-0"]
[WhiteElo "2704"]
[BlackElo "2461"]
[PlyCount "75"]
[EventDate "2024.??.??"]

1. e4 e5 2. Nf3 Nc6 3. Bb5 a6 4. Ba4 d6 5. O-O Bd7 6. c3 g6 7. d4 Bg7 8. dxe5 Nxe5 9. Nxe5 dxe5 10. Bg5 Bxa4 11. Qxa4+ Qd7 12. Qb4 Qb5 13. Qxb5+ axb5 14. Na3 c6 15. c4 bxc4 16. Nxc4 Nf6 17. f3 O-O 18. a4 Rfd8 19. a5 Rd3 20. Rfd1 Rb3 21. Ra3 Rb4 22. Rc3 Nh5 23. Be7 Rb5 24. Rcd3 f5 25. Rd8+ Rxd8 26. Rxd8+ Kf7 27. Ba3 Bf6 28. Nd6+ Ke6 29. Re8+ Kd7 30. Nxb5 Kxe8 31. Nd6+ Kd7 32. Nxb7 Bg5 33. Bc5 Kc7 34. a6 fxe4 35. Na5 Kb8 36. Nxc6+ Ka8 37. Nxe5 Bf6 38. Nc4 1-0

[Event "BL 2324 HSK Lister Turm - SG Solingen"]
[Site "?"]
[Date "2024.01.14"]
[Round "6.2"]
[White "Walter, Stefan"]
[Black "Ragger, Markus"]
[Result "0-1"]
[WhiteElo "2382"]
[BlackElo "2605"]
[PlyCount "80"]
[EventDate "2024.??.??"]

1. d4 Nf6 2. Nf3 g6 3. Nc3 d5 4. Bf4 Bg7 5. Nb5 Na6 6. e3 O-O 7. h3 Ne4 8. Nd2 Nxd2 9. Qxd2 c6 10. Nc3 Nc7 11. O-O-O b5 12. Kb1 a5 13. h4 Ne6 14. Bg3 Ba6 15. Ne2 b4 16. Nf4 Nxf4 17. Bxf4 Bxf1 18. Rdxf1 Qb6 19. h5 Rfc8 20. hxg6 hxg6 21. Be5 f6 22. Bg3 c5 23. Rh4 Qe6 24. Re1 g5 25. Rhh1 c4 26. e4 dxe4 27. d5 Qf7 28. f3 exf3 29. gxf3 Rd8 30. Rd1 Rd7 31. Qd4 Rad8 32. d6 exd6 33. Qb6 a4 34. Bf2 b3 35. axb3 axb3 36. Bd4 Qd5 37. cxb3 Ra8 38. Rhe1 Qf5+ 39. Re4 Qxf3 40. Ree1 Qf5+ 0-1

[Event "BL 2324 HSK Lister Turm - SG Solingen"]
[Site "?"]
[Date "2024.01.14"]
[Round "6.3"]
[White "Andersen, Mads"]
[Black "Schulze, Torben"]
[Result "1/2-1/2"]
[WhiteElo "2615"]
[BlackElo "2325"]
[PlyCount "105"]
[EventDate "2024.??.??"]

1. e4 c6 2. d4 d5 3. e5 c5 4. c3 Nc6 5. Be2 a6 6. Nf3 Bg4 7. Nbd2 e6 8. O-O cxd4 9. cxd4 Nge7 10. h3 Bh5 11. Nb3 Bxf3 12. Bxf3 Nf5 13. Bg4 Be7 14. Bxf5 exf5 15. Qf3 Qd7 16. Qg3 g6 17. Bg5 Bxg5 18. Qxg5 O-O 19. Rfc1 Rfc8 20. Rc3 Nd8 21. Nc5 Qe8 22. Rac1 Rc6 23. Qd2 Rac8 24. b3 Qe7 25. a4 a5 26. Nd3 b6 27. Rxc6 Rxc6 28. Rxc6 Nxc6 29. Qc3 Qd7 30. Kf1 Nd8 31. Nf4 Ne6 32. Nxe6 fxe6 33. f4 Kf7 34. Kf2 Ke8 35. g4 Kf8 36. Kg3 Kg7 37. Qc1 h6 38. gxf5 gxf5 39. Qc3 Kh7 40. Kf2 Kh8 41. Ke2 Kh7 42. Qc1 Qg7 43. Kf3 Qe7 44. Qc6 Qb4 45. Qd7+ Kh8 46. Qe8+ Kh7 47. Qf7+ Kh8 48. Qf6+ Kh7 49. Qf7+ Kh8 50. Qxe6 Qc3+ 51. Kg2 Qd2+ 52. Kg3 Qe3+ 53. Kg2 1/2-1/2

[Event "BL 2324 HSK Lister Turm - SG Solingen"]
[Site "?"]
[Date "2024.01.14"]
[Round "6.4"]
[White "Pubantz, Jan"]
[Black "Van Wely, Loek"]
[Result "0-1"]
[WhiteElo "2288"]
[BlackElo "2623"]
[PlyCount "106"]
[EventDate "2024.??.??"]

1. e4 d6 2. d4 Nf6 3. Nc3 g6 4. Nf3 Bg7 5. Be2 O-O 6. O-O c6 7. h3 Nbd7 8. a4 Qc7 9. Be3 Re8 10. Qc1 a5 11. Rd1 e5 12. dxe5 dxe5 13. Bc4 Nh5 14. Ng5 Re7 15. Qb1 h6 16. Nxf7 Rxf7 17. Bxf7+ Kxf7 18. Qa2+ Kf6 19. Qc4 Qb8 20. g3 Nf8 21. Rd8 Ne6 22. Rad1 Qc7 23. R1d6 Qxd8 24. Rxd8 Nxd8 25. g4 Be6 26. Nd5+ cxd5 27. exd5 Rc8 28. Qe4 Bd7 29. gxh5 Bf5 30. Qf3 Rxc2 31. hxg6 Kxg6 32. Bb6 Nf7 33. Qg3+ Kh7 34. h4 Rxb2 35. Bxa5 Nd6 36. f3 Nc4 37. Bc3 Rb3 38. f4 Bc2 39. d6 Nxd6 40. h5 Kh8 41. fxe5 Ne4 42. Qg6 Rxc3 43. Qe8+ Kh7 44. Qg6+ Kg8 45. Qe8+ Bf8 46. Qe6+ Kh8 47. Qe8 Rg3+ 48. Kh2 Rg8 49. Qc8 Bc5 50. Qd7 Bg1+ 51. Kh3 Nf2+ 52. Kh4 Bh2 53. e6 Bg3# 0-1

[Event "BL 2324 HSK Lister Turm - SG Solingen"]
[Site "?"]
[Date "2024.01.14"]
[Round "6.5"]
[White "Nikolic, Predrag"]
[Black "von Mettenheim, Johannes"]
[Result "1-0"]
[WhiteElo "2538"]
[BlackElo "2284"]
[PlyCount "75"]
[EventDate "2024.??.??"]

1. d4 Nf6 2. c4 e6 3. Nf3 d5 4. Nc3 Bb4 5. Bg5 h6 6. Bxf6 Qxf6 7. e3 c5 8. cxd5 exd5 9. Bb5+ Bd7 10. Bxd7+ Nxd7 11. Qb3 Bxc3+ 12. bxc3 Qc6 13. Rb1 O-O 14. O-O b6 15. a4 Rfc8 16. h3 Rc7 17. Rfd1 Rac8 18. Qa2 Nf6 19. Ne5 Qe6 20. Nd3 Qf5 21. dxc5 bxc5 22. Nf4 Rd7 23. Rb5 a6 24. Ra5 Qe5 25. Rxa6 Qxc3 26. Qb1 Qe5 27. Qb5 Rdc7 28. Rb6 c4 29. a5 c3 30. a6 c2 31. Rc1 Rc5 32. Qb4 Rc4 33. Qa5 R4c5 34. Rb5 Qc7 35. Rxc5 Qxc5 36. Qxc5 Rxc5 37. Nd3 Rc8 38. Nb4 1-0

[Event "BL 2324 HSK Lister Turm - SG Solingen"]
[Site "?"]
[Date "2024.01.14"]
[Round "6.6"]
[White "Hoeffer, David"]
[Black "Handke, Florian"]
[Result "1-0"]
[WhiteElo "2302"]
[BlackElo "2536"]
[PlyCount "103"]
[EventDate "2024.??.??"]

1. d4 g6 2. e4 d6 3. Nf3 Nf6 4. Nc3 Bg7 5. Be2 O-O 6. O-O Nc6 7. d5 Nb8 8. Be3 c6 9. a4 a5 10. h3 Na6 11. Bc4 Nb4 12. Bb3 Nd7 13. Qe2 Nc5 14. Bxc5 dxc5 15. Rad1 Qc7 16. e5 cxd5 17. Bxd5 Bf5 18. Nb5 Qc8 19. Be4 Nc6 20. c3 Rb8 21. Bd5 Be6 22. Rfe1 Nd4 23. Qe4 Bxd5 24. Qxd5 Rd8 25. Qe4 Nxb5 26. axb5 Qc7 27. Nd2 Qd7 28. Qc4 Qf5 29. Qe4 Qd7 30. b6 Qb5 31. Nc4 a4 32. Rd5 e6 33. Rd3 Rxd3 34. Qxd3 Bf8 35. Rd1 Qb3 36. Rd2 Be7 37. Qe4 Qb5 38. g3 Bg5 39. Rd3 Bd8 40. Rf3 Be7 41. Qf4 Rf8 42. h4 Qc6 43. h5 Bg5 44. Qg4 Qd5 45. hxg6 hxg6 46. Kg2 Bc1 47. Nd6 c4 48. Ne4 Kg7 49. Nf6 Qxe5 50. Qxc4 Rd8 51. Ng4 Qh5 52. Rxf7+ 1-0

[Event "BL 2324 HSK Lister Turm - SG Solingen"]
[Site "?"]
[Date "2024.01.14"]
[Round "6.7"]
[White "Schaefer, Markus"]
[Black "Voege, Tobias"]
[Result "1/2-1/2"]
[WhiteElo "2350"]
[BlackElo "2283"]
[PlyCount "41"]
[EventDate "2024.??.??"]

1. e4 e6 2. d4 d5 3. Nd2 c5 4. Ngf3 Nc6 5. exd5 exd5 6. Bb5 Qe7+ 7. Be2 Qc7 8. O-O Nf6 9. Re1 cxd4 10. Nb3 Bb4 11. Bd2 Bxd2 12. Qxd2 O-O 13. Bd3 Bg4 14. Nfxd4 Ne5 15. c3 Rfe8 16. Qc2 Bh5 17. f3 Nc4 18. Qf2 Bg6 19. Bxc4 dxc4 20. Nd2 a6 21. Rxe8+ 1/2-1/2

[Event "BL 2324 HSK Lister Turm - SG Solingen"]
[Site "?"]
[Date "2024.01.14"]
[Round "6.8"]
[White "Polster, Christian"]
[Black "Krastev, Alexander"]
[Result "0-1"]
[WhiteElo "2244"]
[BlackElo "2470"]
[PlyCount "74"]
[EventDate "2024.??.??"]

1. e4 c5 2. Nf3 Nc6 3. d4 cxd4 4. Nxd4 e6 5. Nc3 d6 6. g3 Nf6 7. Bg2 Be7 8. O-O O-O 9. a4 Bd7 10. f4 a6 11. Nb3 Na5 12. g4 Nxb3 13. cxb3 Bc6 14. g5 Nd7 15. Be3 e5 16. Nd5 exf4 17. Bxf4 Ne5 18. h4 Rc8 19. Qd4 Re8 20. Nb6 Rb8 21. Bh3 Bxe4 22. a5 Nf3+ 23. Rxf3 Bxf3 24. Bd7 Bf8 25. Bxe8 Qxe8 26. Rf1 Bc6 27. Bd2 Qe6 28. Kh2 Qxb3 29. Bc3 Re8 30. Rf2 Re4 31. Qd3 Rxh4+ 32. Kg3 Re4 33. g6 hxg6 34. Nd7 Qe6 35. Nxf8 Re3+ 36. Kf4 g5+ 37. Kxg5 Qh6+ 0-1

[Event "BL 2324 SV Werder Bremen - SK Doppelbaue"]
[Site "?"]
[Date "2024.01.14"]
[Round "6.2"]
[White "McShane, Luke J"]
[Black "Bjerre, Jonas Buhl"]
[Result "1/2-1/2"]
[WhiteElo "2618"]
[BlackElo "2641"]
[PlyCount "196"]
[EventDate "2024.??.??"]

1. e4 e5 2. Nf3 Nc6 3. Bb5 a6 4. Ba4 Nf6 5. O-O Nxe4 6. d4 b5 7. Bb3 d5 8. dxe5 Be6 9. Qe2 Be7 10. Rd1 O-O 11. c4 bxc4 12. Bxc4 Bc5 13. Be3 Bxe3 14. Qxe3 Qb8 15. Bb3 Na5 16. Nbd2 Nxb3 17. axb3 c5 18. Nxe4 dxe4 19. Qxe4 h6 20. Qe3 Bxb3 21. Rd6 Be6 22. Qc3 Qb7 23. h3 Rfc8 24. Ra5 Rab8 25. Rd2 Qc6 26. Rc2 Rb3 27. Qe1 Qb6 28. Qa1 Bxh3 29. Rxa6 Qb7 30. Ra3 Bg4 31. Nd2 Rb4 32. Qc1 Rd4 33. Nf3 Bxf3 34. Rxf3 Qd5 35. Qe3 Re4 36. Qc3 Rxe5 37. Rc1 Rb8 38. Rd3 Qe6 39. Rcd1 Rb4 40. Rd8+ Kh7 41. Rc8 Rc4 42. Rc6 Qg4 43. Qd3+ g6 44. Rd6 Rce4 45. Qc3 Qf4 46. R6d3 Qh4 47. Rd5 Rxd5 48. Rxd5 Re2 49. g3 Qe4 50. Rd1 Qf5 51. Rf1 Rc2 52. Qa3 c4 53. b4 c3 54. Qb3 Kg7 55. b5 Qd3 56. Qb1 Qe2 57. Qd1 Qe4 58. Qb1 Qe2 59. Qd1 Qxd1 60. Rxd1 Rb2 61. Rc1 c2 62. Kg2 h5 63. b6 g5 64. b7 Rxb7 65. Rxc2 Rb4 66. Rc6 f6 67. Rc7+ Kg6 68. Rc5 Re4 69. Ra5 Rd4 70. Rb5 h4 71. gxh4 Rxh4 72. Kg3 Rd4 73. f3 f5 74. Kg2 Rd2+ 75. Kg1 Kf6 76. Ra5 Ke6 77. Rb5 Rd5 78. Rb4 Rd2 79. Rb5 Rd5 80. Rb4 Ke5 81. Kf2 Rd2+ 82. Kg3 f4+ 83. Kh3 Rf2 84. Rb5+ Kd4 85. Rxg5 Ke3 86. Ra5 Rxf3+ 87. Kg2 Rf2+ 88. Kg1 Rd2 89. Ra3+ Ke2 90. Kg2 Rd8 91. Ra2+ Ke3 92. Ra3+ Ke4 93. Ra4+ Kf5 94. Ra3 Kg4 95. Kf2 Rd2+ 96. Kf1 f3 97. Ra8 Kg3 98. Rg8+ Kf4 1/2-1/2

[Event "BL 2324 SV Werder Bremen - SK Doppelbaue"]
[Site "?"]
[Date "2024.01.14"]
[Round "6.3"]
[White "Yuffa, Daniil"]
[Black "Efimenko, Zahar"]
[Result "1-0"]
[WhiteElo "2601"]
[BlackElo "2566"]
[PlyCount "105"]
[EventDate "2024.??.??"]

1. c4 e5 2. g3 Nf6 3. Bg2 d5 4. cxd5 Nxd5 5. Nc3 Nb6 6. Nf3 Nc6 7. O-O Be7 8. a3 Be6 9. d3 O-O 10. Be3 Nd5 11. Bd2 a5 12. Rc1 Nxc3 13. Bxc3 f6 14. Qa4 Qd7 15. Rfd1 Rfd8 16. h4 Bd5 17. h5 Qe6 18. Qh4 h6 19. Qh1 f5 20. e4 fxe4 21. dxe4 Bb3 22. Bh3 Qf6 23. Rf1 Bc5 24. Bf5 Rd3 25. Kg2 b6 26. Qh3 Re8 27. Qg4 Be6 28. Nh4 Bxf5 29. Nxf5 Ne7 30. Bxa5 Nxf5 31. Qxf5 Qxf5 32. exf5 e4 33. Bb4 Bxb4 34. axb4 Re7 35. Rc6 Rd2 36. Re6 Kf7 37. Rxe7+ Kxe7 38. Re1 Kf6 39. Rxe4 Rxb2 40. g4 c5 41. Re6+ Kf7 42. bxc5 bxc5 43. Rc6 Rc2 44. Kg3 Rc1 45. Kf4 c4 46. f6 g6 47. Rc7+ Kxf6 48. Rc6+ Kf7 49. hxg6+ Kg7 50. Kf5 Ra1 51. Rc7+ Kg8 52. f4 Ra4 53. Ke5 1-0

[Event "BL 2324 SV Werder Bremen - SK Doppelbaue"]
[Site "?"]
[Date "2024.01.14"]
[Round "6.4"]
[White "Cheng, Bobby"]
[Black "Teclaf, Pawel"]
[Result "1-0"]
[WhiteElo "2571"]
[BlackElo "2563"]
[PlyCount "97"]
[EventDate "2024.??.??"]

1. d4 d5 2. c4 c6 3. Nf3 Nf6 4. Nc3 dxc4 5. a4 Bf5 6. Ne5 Nbd7 7. Nxc4 Nb6 8. Ne5 a5 9. f3 Nfd7 10. Nxd7 Bxd7 11. e4 e6 12. Be3 Rc8 13. Be2 Be7 14. O-O O-O 15. Qb3 Bb4 16. Rfd1 h6 17. Kh1 c5 18. dxc5 Bxc5 19. Nb5 Qe7 20. Nd6 Bxd6 21. Qxb6 Be5 22. f4 Rc2 23. Bd3 Rxb2 24. Qxa5 Bf6 25. e5 Bc6 26. Bf1 Bh4 27. Bc5 Qe8 28. Qc3 Rf2 29. Bxf2 Bxf2 30. Bb5 Bxb5 31. axb5 Qxb5 32. Qf3 Bc5 33. Rab1 Qc4 34. Rxb7 g6 35. Rbb1 Qa4 36. Ra1 Qb4 37. Rab1 Qa4 38. Rbc1 Qb4 39. Qc3 Qxc3 40. Rxc3 Bb6 41. Rb3 Bc5 42. Rc1 Ra8 43. g3 Bd4 44. Rc4 Ra1+ 45. Kg2 Ra2+ 46. Kf3 Rf2+ 47. Ke4 Ba7 48. Rb7 Re2+ 49. Kd3 1-0

[Event "BL 2324 SV Werder Bremen - SK Doppelbaue"]
[Site "?"]
[Date "2024.01.14"]
[Round "6.5"]
[White "Gavrilescu, David"]
[Black "Hracek, Zbynek"]
[Result "1/2-1/2"]
[WhiteElo "2523"]
[BlackElo "2549"]
[PlyCount "99"]
[EventDate "2024.??.??"]

1. e4 e5 2. Nf3 Nc6 3. d4 exd4 4. Nxd4 Bc5 5. Nb3 Bb6 6. Nc3 d6 7. Qe2 a5 8. Be3 a4 9. Bxb6 axb3 10. Be3 bxa2 11. Rxa2 Rxa2 12. Nxa2 Nge7 13. Nc3 O-O 14. Qd2 f5 15. f3 fxe4 16. Nxe4 d5 17. Ng3 Nf5 18. Nxf5 Bxf5 19. Be2 d4 20. Bf2 d3 21. cxd3 Nd4 22. O-O Nxe2+ 23. Qxe2 Qxd3 24. Qe5 Qd7 25. Rc1 c6 26. Re1 Bg6 27. h4 Re8 28. Qf4 Rxe1+ 29. Bxe1 h5 30. Bc3 Qf7 31. Qe5 Bc2 32. Kf2 Bb3 33. Qg5 Bd5 34. Ke3 Qe6+ 35. Be5 Qh6 36. Qxh6 gxh6 37. Kd4 Kf7 38. Bf4 Kg6 39. Kc5 b5 40. b4 Kg7 41. Be3 Kg6 42. Kd6 Kg7 43. Ke5 Kg6 44. Bd2 Bc4 45. Kd6 Bd5 46. Be3 Kf7 47. Bd4 Kg6 48. Ke5 Bc4 49. Kf4 Bf1 50. g4 1/2-1/2

[Event "BL 2324 SV Werder Bremen - SK Doppelbaue"]
[Site "?"]
[Date "2024.01.14"]
[Round "6.6"]
[White "Babula, Vlastimil"]
[Black "Thybo, Jesper Sondergaard"]
[Result "1-0"]
[WhiteElo "2535"]
[BlackElo "2533"]
[PlyCount "69"]
[EventDate "2024.??.??"]

1. d4 Nf6 2. c4 e6 3. Nc3 Bb4 4. e3 O-O 5. Bd3 c5 6. Nge2 Nc6 7. O-O d5 8. cxd5 exd5 9. a3 c4 10. Bc2 Bd6 11. f3 Bc7 12. Kh1 Qd6 13. g3 Bb6 14. Bd2 Re8 15. Qe1 h5 16. Qf2 Bh3 17. Rg1 Bd7 18. g4 hxg4 19. Raf1 Nd8 20. Qh4 Ne6 21. fxg4 Nf8 22. g5 Ne4 23. Nxe4 dxe4 24. Qf2 Qe6 25. Nf4 Qf5 26. g6 Nxg6 27. Qg2 Bc6 28. Bc3 Bd5 29. Nxd5 Qxd5 30. Rf4 Bc7 31. Bxe4 Qh5 32. Bxg6 fxg6 33. Rg4 Re6 34. e4 Rf8 35. e5 1-0

[Event "BL 2324 SV Werder Bremen - SK Doppelbaue"]
[Site "?"]
[Date "2024.01.14"]
[Round "6.7"]
[White "Fromm, Marius"]
[Black "Wachinger, Nikolas"]
[Result "1-0"]
[WhiteElo "2435"]
[BlackElo "2437"]
[PlyCount "111"]
[EventDate "2024.??.??"]

1. e4 c5 2. Nf3 d6 3. d4 cxd4 4. Qxd4 Nf6 5. Nc3 Nc6 6. Qd3 g6 7. Nd5 Bg7 8. c3 Nd7 9. Bg5 h6 10. Bh4 Nc5 11. Qc2 f5 12. exf5 Bxf5 13. Qd1 g5 14. Bg3 e6 15. Ne3 d5 16. Bb5 O-O 17. O-O Be4 18. Nd4 Nxd4 19. cxd4 Qa5 20. a4 a6 21. Be2 Nd7 22. Bd3 Bxd3 23. Qxd3 Qb4 24. Nc2 Qc4 25. Qxc4 dxc4 26. Rfe1 Kf7 27. Na3 Rfc8 28. Rac1 Bxd4 29. Nxc4 Bc5 30. Rcd1 Be7 31. Rxd7 Rxc4 32. b3 Rc6 33. Rxb7 Rd8 34. h3 Rd2 35. Kh2 Kf6 36. Be5+ Kf7 37. Kg1 a5 38. Re3 Rd5 39. Bc3 Ke8 40. g4 Bc5 41. Rf3 Be7 42. Kg2 Ra6 43. Bf6 Rd7 44. Rb8+ Rd8 45. Rxd8+ Kxd8 46. Bg7 Ke8 47. Bxh6 Rd6 48. Bg7 Rd5 49. Bc3 Bd8 50. Re3 Kd7 51. Re5 Kd6 52. Rxd5+ exd5 53. Kf3 Kc5 54. Ke3 d4+ 55. Bxd4+ Kb4 56. f4 1-0

[Event "BL 2324 SV Werder Bremen - SK Doppelbaue"]
[Site "?"]
[Date "2024.01.14"]
[Round "6.8"]
[White "Colbow, Collin"]
[Black "Pajeken, Jakob Leon"]
[Result "0-1"]
[WhiteElo "2385"]
[BlackElo "2426"]
[PlyCount "86"]
[EventDate "2024.??.??"]

1. e4 c5 2. Nf3 d6 3. d4 cxd4 4. Nxd4 Nf6 5. Nc3 a6 6. Bd3 g6 7. f3 Nc6 8. Be3 Nxd4 9. Bxd4 e5 10. Be3 Be6 11. Qd2 Be7 12. O-O Rc8 13. a4 O-O 14. Rfd1 Qc7 15. a5 Qc6 16. Bf1 Rfd8 17. Nd5 Bxd5 18. exd5 Qd7 19. Qd3 Re8 20. b3 Nh5 21. b4 f5 22. Qb3 Bf6 23. b5 e4 24. bxa6 bxa6 25. Bxa6 Rc3 26. Qb6 exf3 27. Bb5 Qe7 28. Bxe8 Rxe3 29. Bb5 Bxa1 30. Rxa1 Qg5 31. Kf2 Re2+ 32. Bxe2 Qxg2+ 33. Ke3 Qxe2+ 34. Kd4 Qe5+ 35. Kc4 Qxa1 36. Qxd6 Qa4+ 37. Kd3 Qe4+ 38. Kc3 Qe1+ 39. Kb3 f2 40. Qd8+ Kg7 41. h3 f1=Q 42. h4 Qb5+ 43. Ka3 Qa1# 0-1

[Event "BL 2324 SK Kirchweyhe - Hamburger SK"]
[Site "?"]
[Date "2024.01.14"]
[Round "6.1"]
[White "Grandelius, Nils"]
[Black "Kadric, Denis"]
[Result "1/2-1/2"]
[WhiteElo "2673"]
[BlackElo "2584"]
[PlyCount "107"]
[EventDate "2024.??.??"]

1. e4 d6 2. d4 Nf6 3. Nc3 e5 4. Nge2 Nbd7 5. a4 c6 6. g3 b6 7. Bg2 a6 8. h3 h5 9. O-O Bb7 10. Be3 Be7 11. d5 O-O 12. dxc6 Bxc6 13. Nd5 Bxd5 14. exd5 b5 15. axb5 axb5 16. Nc3 Rxa1 17. Qxa1 b4 18. Nb5 Nb6 19. Qa2 Qd7 20. Na7 b3 21. Qxb3 Qxa7 22. Bxb6 Qb7 23. Ba5 Qxb3 24. cxb3 Rb8 25. b4 Bd8 26. Rc1 Kf8 27. Bxd8 Rxd8 28. b5 Rb8 29. Bf1 Nxd5 30. Rd1 Nc7 31. Rxd6 Nxb5 32. Rd7 Nd4 33. Bc4 Ne6 34. b3 Rb6 35. h4 g6 36. Kg2 f5 37. Bxe6 Rxe6 38. Rb7 e4 39. b4 Ke8 40. Kf1 e3 41. f3 e2+ 42. Ke1 Re3 43. b5 Kd8 44. Rb6 g5 45. hxg5 Rxf3 46. Rc6 Kd7 47. Rc5 Rxg3 48. Rxf5 Rg2 49. g6 Rxg6 50. Rxh5 Re6 51. Rh2 Kc7 52. b6+ Kxb6 53. Rxe2 Rxe2+ 54. Kxe2 1/2-1/2

[Event "BL 2324 SK Kirchweyhe - Hamburger SK"]
[Site "?"]
[Date "2024.01.14"]
[Round "6.2"]
[White "Brkic, Ante"]
[Black "Svane, Rasmus"]
[Result "1/2-1/2"]
[WhiteElo "2638"]
[BlackElo "2637"]
[PlyCount "75"]
[EventDate "2024.??.??"]

1. e4 e5 2. Nf3 Nc6 3. Bb5 a6 4. Ba4 Nf6 5. O-O Be7 6. Re1 b5 7. Bb3 O-O 8. a4 b4 9. d3 d6 10. Nbd2 Na5 11. Ba2 c5 12. c3 Rb8 13. d4 Qc7 14. dxe5 dxe5 15. Nc4 Nxc4 16. Bxc4 bxc3 17. bxc3 a5 18. Bg5 Bb7 19. Qc2 Bc6 20. Bxf6 Bxf6 21. Bd5 Rfd8 22. Rad1 h6 23. h3 Rd6 24. Bxc6 Rxc6 25. Rd5 Rcb6 26. Qe2 c4 27. Qe3 Rb1 28. Rxb1 Rxb1+ 29. Kh2 Ra1 30. Rc5 Qd7 31. Nxe5 Qd6 32. f4 Bxe5 33. Rxe5 Rxa4 34. Rd5 Qf6 35. Rc5 Qd6 36. Rd5 Qf6 37. Rc5 Qd6 38. Rd5 1/2-1/2

[Event "BL 2324 SK Kirchweyhe - Hamburger SK"]
[Site "?"]
[Date "2024.01.14"]
[Round "6.3"]
[White "Svane, Frederik"]
[Black "Predojevic, Borki"]
[Result "1/2-1/2"]
[WhiteElo "2625"]
[BlackElo "2562"]
[PlyCount "40"]
[EventDate "2024.??.??"]

1. e4 d6 2. d4 Nf6 3. Nc3 e5 4. Nf3 Nbd7 5. Bc4 Be7 6. O-O O-O 7. Re1 c6 8. a4 h6 9. h3 Re8 10. Be3 exd4 11. Bxd4 Nf8 12. Qd3 Be6 13. a5 Qc7 14. Nd2 b5 15. axb6 axb6 16. Rxa8 Rxa8 17. Ne2 b5 18. Bxe6 Nxe6 19. c3 Nd7 20. f4 c5 1/2-1/2

[Event "BL 2324 SK Kirchweyhe - Hamburger SK"]
[Site "?"]
[Date "2024.01.14"]
[Round "6.4"]
[White "Markus, Robert"]
[Black "Engel, Luis"]
[Result "1-0"]
[WhiteElo "2596"]
[BlackElo "2556"]
[PlyCount "79"]
[EventDate "2024.??.??"]

1. Nf3 d5 2. g3 Nf6 3. Bg2 e6 4. O-O Be7 5. b3 O-O 6. Bb2 a5 7. c4 a4 8. Na3 Na6 9. Nc2 b6 10. d3 Bb7 11. Qb1 Bd6 12. b4 Qe7 13. b5 Nc5 14. cxd5 exd5 15. Ncd4 a3 16. Bc1 Ra4 17. Qc2 Qd7 18. Bg5 Nh5 19. Bd2 Rfa8 20. Rab1 Nf6 21. Rfc1 h6 22. Bc3 Nh7 23. Nc6 Bxc6 24. bxc6 Qxc6 25. Nd4 Qb7 26. Nf5 Bf8 27. Bxg7 Qc8 28. Bxf8 Kxf8 29. Ne3 d4 30. Bxa8 Qxa8 31. Ng2 Ng5 32. Nf4 Ra5 33. Qc4 Kg8 34. Rb5 Ra4 35. Qc2 Nce6 36. Rxg5+ Nxg5 37. Qxc7 Ra7 38. Qxb6 Ra6 39. Qxd4 Re6 40. h4 1-0